Datum a čas kvízu
29.5
Celkem bodů
Celkový počet nahraných bodů na tomto kvízu bez doplňovacích otázek.
6.
Pořadí na kvízu
Konečné umístění týmu na tomto kvízu.
Zaznamenané odpovědi
| # | Otázka | Odpověď | Body | Výsledky |
|---|---|---|---|---|
| 1. | Pokud by mělo platit staré ant... | Zlý | 0 | |
| 2. | Na švýcarských mincích se popr... | Roger Federer | 1 | |
| 3. | Pořadatelé multikulturního fes... | Twenty One Pilots | 0 | |
| 4. | V pondělí začala v jedné evrop... | Madrid | 1 | |
| 5. | Kapitán Arsenalu Pierre-Emeric... | na toaletu | 1 | |
| 6. | Toto téma zvítězilo minulý týd... | Moa | 1 | |
| 7. | Jakým způsobem souvisí s naším... | Na tomto fiktivním ostrově se odehrával děj filmu Jurský park. | 1 | |
| 8. | Na tomto obrázku vidíme velkou... | latimérie podivná | 1 | |
| 9. | Mnohým z vás jistě při přečten... | Mauricius | 0 | |
| 10. | Mezinárodní svaz ochrany příro... | Červený (seznam) | 1 |